DE GRUCHY'S CLINICAL HEMATOLOGY IN MEDICAL PRACTICE (Record no. 29185)
[ view plain ]
| 000 -LEADER | |
|---|---|
| fixed length control field | 00333nam a22001457a 4500 |
| 003 - CONTROL NUMBER IDENTIFIER | |
| control field | SGT |
| 082 ## - DEWEY DECIMAL CLASSIFICATION NUMBER | |
| Classification number | 616.07 |
| Item number | D90F |
| 100 ## - MAIN ENTRY--PERSONAL NAME | |
| Personal name | FIRKIN, FRANK |
| 245 ## - TITLE STATEMENT | |
| Title | DE GRUCHY'S CLINICAL HEMATOLOGY IN MEDICAL PRACTICE |
| 250 ## - EDITION STATEMENT | |
| Edition statement | 5TH |
| 260 ## - PUBLICATION, DISTRIBUTION, ETC. (IMPRINT) | |
| Place of publication, distribution, etc | INDIA |
| Name of publisher, distributor, etc | OXFORD PUB |
| Year of Publication | 1990 |
| 300 ## - PAGE DESCRIPTION | |
| No. of Pages | 524 |
| 650 ## - SUBJECT ADDED ENTRY--TOPICAL TERM | |
| Topical term or geographic name as entry element | PATHOLOGY |
| 942 ## - ADDED ENTRY ELEMENTS (KOHA) | |
| Source of classification or shelving scheme | Dewey Decimal Classification |
| Koha item type | Rare Books |
| Withdrawn status | Lost status | Source of classification or shelving scheme | Damaged status | Not for loan | Collection code | Home library | Current library | Shelving location | Date acquired | Total Checkouts | Full call number | Accession No. (Barcode) | Date last seen | Bill Date | Koha item type |
|---|---|---|---|---|---|---|---|---|---|---|---|---|---|---|---|
| Dewey Decimal Classification | Not For Loan | NURSING | SGT Medical Library | SGT Medical Library | Reference Book | 20/01/2025 | 616.07 D90F | FN5995 | 20/01/2025 | 20/01/2025 | Rare Books |